000
00229nam a2200085Ia 4500
008
120527s9999 xx 000 0 und d
100
_a
OTCHERE, E.O
245
_a
Draught animal power research and development in Nigeria
942
_c
BK
999
_c
25259
_d
25259